Paroles - Disney "De zéro en Héros" - Hercule - Statistiques

Statistiques générales
  • Ce quiz a été pris 575 fois
  • Le résultat moyen est 193 sur 261
Statistiques - réponses
Réponse % Correct
le
97%
a
94%
C'est
94%
c'est
94%
Herc
94%
Il
94%
il
94%
zéro
94%
Zéro
94%
de
93%
De
93%
héros
93%
Héros
93%
en
91%
est
91%
un
91%
Un
91%
la
90%
La
90%
les
90%
qui
88%
Qui
88%
dans
87%
tout
85%
vent
84%
géant
83%
du
82%
et
82%
plus
82%
grand
80%
Grand
80%
Hercule
80%
ne
80%
se
80%
Grèce
77%
pas
76%
Pas
76%
ses
76%
sur
76%
Sur
76%
Toute
76%
tous
75%
chaque
74%
monstre
74%
filles
73%
met
73%
illico
72%
pot
72%
sont
72%
changé
71%
KO
71%
pro
71%
monstres
70%
sacré
70%
show
70%
Mais
69%
mais
69%
personne
69%
Quand
69%
toutes
69%
vase
69%
des
67%
biceps
66%
peau
66%
pectoraux
66%
trop
66%
n'était
65%
admire
64%
compressent
64%
extase
64%
graisse
64%
Pour
64%
pour
64%
vers
64%
merveilles
63%
dit
62%
idole
62%
vole
62%
fort
61%
mot
61%
notre
61%
sourit
61%
toujours
61%
Toujours
61%
dix
60%
gramme
60%
l'Acropole
60%
sans
60%
tire
60%
vainqueur
59%
l'Apollo
58%
part
58%
disait
57%
l'aurait
57%
meilleur
57%
mérite
57%
On
57%
roi
57%
craneur
56%
Lui
56%
Oh
56%
banco
55%
qu'il
55%
vaincu
55%
Elles
54%
marmot
54%
seigneur
54%
grandi
53%
l'arène
53%
leur
53%
super
53%
chante
52%
gladiateurs
52%
doux
51%
yeah
51%
foule
50%
frimeur
50%
Est-il
49%
venu
49%
pactole
48%
rues
48%
s'offrir
48%
frappent
47%
Jamais
47%
l'acclame
47%
sonne
46%
qu'une
45%
vu
45%
brave
43%
Oui
41%
Phénomène
41%
ailes
40%
D'allégresse
40%
Soudain
40%
fleur
39%
glas
38%
chaud
34%
hardi
34%
nue
33%
Rempli
32%
d'esprit
31%
pleut
29%
Eurydice
27%
Certains
24%
l'aiment
24%
D'un
21%
Aucun quiz correspondant
Distribution des résultats
% des personnes avec chaque résultat
Percentile par nombre de réponses
Votre historique - résultats
Vous n’avez pas pris ce quiz